000 00218nam a2200097Ia 4500
008 190216s9999||||xx |||||||||||||| ||und||
100 _aVenugopal
245 0 _aRoopa Peduthal
260 _bKerala Basha Inst
942 _cBK
999 _c37784
_d37784